Transport a logistika mesačník pre dopravu, zasielateľstvo, logistiku a veľkoobchod

Salvato in:
Dettagli Bibliografici
Natura: Periodico
Lingua:slovacco
Pubblicazione: Bratislava TRANSPRESS LUXUR Media SK 2016
Soggetti:
Tags: Aggiungi Tag
Nessun Tag, puoi essere il primo ad aggiungerne!!

MARC

LEADER 00000nas2a2200000 4500
001 0277160
005 20210712140128.1
022 |a 1338-3809 
041 0 |a slo 
044 |a SK 
245 1 0 |a Transport a logistika  |b mesačník pre dopravu, zasielateľstvo, logistiku a veľkoobchod 
264 1 |a Bratislava  |b TRANSPRESS LUXUR Media SK  |c 2016 
773 0 |w eu_un_cat*0128425 
610 2 0 |a logistika 
610 2 0 |a doprava 
610 2 0 |a zasielateľstvá